Score 0/18 Timer 04:00
1 Play Today
Scramble Answer % Correct
MOORRoom
98.7%
RIFEFire
97%
KRAPPark
97%
MAGESGames
95.2%
ELVAVValve
93.9%
KLACBBlack
93.3%
NANONCCannon
87%
ASKBETBasket
85.2%
GWONGown
85.1%
Scramble Answer % Correct
NICEDIMEMedicine
49.1%
Common ThemeBall
46.9%
HIGETEight
46.7%
STEINNTennis
44.6%
NICKGREWWrecking
40.3%
ERARRICCarrier
38.8%
TRIGLETGlitter
32.8%
RANGIBEBearing
27.1%
TRYLACSCrystal
20.7%
Remove Ads.
Support Sporcle.
Get the best of Sporcle when you Go Orange. This ad-free experience offers more features, more stats, and more fun while also helping to support Sporcle. Thank you for becoming a member.

You're not logged in!

Compare scores with friends on all Sporcle quizzes.
OR
Log In

Show Comments

Extras

Top Quizzes Today


Score Distribution

Your Account Isn't Verified!

In order to create a playlist on Sporcle, you need to verify the email address you used during registration. Go to your Sporcle Settings to finish the process.

Report this User

Report this user for behavior that violates our Community Guidelines.

Details: